Consoles Quiz #1 - Statistics

General Stats
  • This quiz has been taken 35 times
  • The average score is 4 of 9
Answer Stats
Picture Answer % Correct
XBOX 360
97%
Nintendo 64
69%
Atari 2600
66%
Super Nintendo Entertainment System
56%
Nintendo 2DS
47%
Sega Game Gear
38%
Sega SG-1000
13%
PS6 (Acessed by starting up PS1, PS2 and PS3)
3%
(Japanese) Sega Saturn
0%
No matching quizzes found
Score Distribution
Percent of People with Each Score
Percentile by Number Answered
Your Score History
You have not taken this quiz